Statistics for Real Madrid Player 2020/2021

Click here to take the quiz!

General Stats

  • This quiz has been taken 47 times
  • The average score is 20 of 22

Answer Stats

#PositionPlayerNationalityDate of Birth (Age)% Correct
9Centre-ForwardBenzemaFrance19 December 1987 (age 33 years)
98%
10Central MidfieldModricCroatian9 September 1985 (age 35 years)
98%
1GoalkeeperCourtoisBelgian11 May 1992 (age 28 years)
96%
7Left WingerHazardBelgiumJanuary 7, 1991 (age 30 years)
96%
8Central MidfieldKroosGermanyJanuary 4, 1990 (age 31 years)
96%
12Left-BackMarceloBrazilian12 May 1988 (age 32 years)
96%
20Left WingerVinisius JrBrazilian12 July 2000 (age 20 years)
96%
2Right-BackCarvajalSpanish11 January 1992 (age 29 years)
93%
14Defensive MidfieldCasemiroBrazilian23 February 1992 (age 28 years)
93%
13GoalkeeperLuninUnkraineFebruary 11, 1999 (age 22 years)
93%
25Left WingerRodrygoBrazilian9 Januari 2001 (usia 20 tahun)
93%
4Centre-BackSergio RamosSpanishMarch 30, 1986 (age 34 years)
93%
15Central MidfieldValverdeUruguayan22 July 1998 (age 22 years)
93%
5Centre-BackVaraneFranceApril 25, 1993 (age 27 years)
93%
3Centre-BackEder MilitaoBrazilianJanuary 18, 1998 (age 23 years)
91%
23Left-BackMendyFrance8 June 1995 (age 25 years)
91%
6Centre-BackNachoSpanishJanuary 18, 1990 (age 31 years)
87%
11Right WingerMarco AsensioSpanishJanuary 21, 1996 (age 25 years)
85%
22Attacking MidfieldIscoSpanish21 April 1992 (age 28 years)
83%
17Right WingerLucas VazquezSpanishJuly 1, 1991 (age 29 years)
76%
24Centre-ForwardMariano DiazSpanish1 August 1993 (age 27 years)
72%
19Right-BackOdriozolaSpanishDecember 14, 1995 (age 25 years)
65%

Score Distribution

Percentile by Number Answered

Percent of People with Each Score

Your Score History

You have not taken this quiz